The changing nature of, and approaches to, UK coastal management at the start of the twenty-first century (Record no. 74472)

MARC details
000 -LEADER
fixed length control field 01476cam a2200241 4500
001 - CONTROL NUMBER
control field X126825
008 - FIXED-LENGTH DATA ELEMENTS--GENERAL INFORMATION
fixed length control field 040719n2004 000 0 eng u
035 ## - SYSTEM CONTROL NUMBER
System control number (Sirsi) u126825
100 ## - MAIN ENTRY--PERSONAL NAME
Personal name French, P.
245 #4 - TITLE STATEMENT
Title The changing nature of, and approaches to, UK coastal management at the start of the twenty-first century
260 ## - PUBLICATION, DISTRIBUTION, ETC.
Date of publication, distribution, etc. 2004
490 ## - SERIES STATEMENT
Series statement Geographical Journal
Volume/sequential designation 170(2) June 2004, 116-125(10)
520 ## - SUMMARY, ETC.
Summary, etc. Entering the 21st century, effective coastal management will become more of a central issue for coastal users and governors alike. Many of the UK's existing management plans are being reviewed and revised versions published. Some of these new editions will have to show changes from their predecessors because of natural processes of erosion and accretion, yet other changes will be because of human interference. Human interference means the continued ignoring of previous management plan recommendations regarding new development and coastal usage. Coastal management needs to adapt and develop. Also increased education and awareness is necessary to allow users to understand and appreciate what is being recommended in management plans.
650 ## - SUBJECT ADDED ENTRY--TOPICAL TERM
Topical term or geographic name entry element COASTAL ZONE MANAGEMENT
650 ## - SUBJECT ADDED ENTRY--TOPICAL TERM
Topical term or geographic name entry element COASTAL DEFENCES
650 ## - SUBJECT ADDED ENTRY--TOPICAL TERM
Topical term or geographic name entry element FLOODING
650 ## - SUBJECT ADDED ENTRY--TOPICAL TERM
Topical term or geographic name entry element COASTAL EROSION
650 ## - SUBJECT ADDED ENTRY--TOPICAL TERM
Topical term or geographic name entry element COASTAL AREAS
650 ## - SUBJECT ADDED ENTRY--TOPICAL TERM
Topical term or geographic name entry element COASTAL DEVELOPMENT
650 ## - SUBJECT ADDED ENTRY--TOPICAL TERM
Topical term or geographic name entry element COASTAL POLICY
690 ## - LOCAL SUBJECT ADDED ENTRY--TOPICAL TERM (OCLC, RLIN)
Topical term or geographic name as entry element ENVIRONMENTAL AND LAND CONSULTANCY-ENVIRONMENTAL MANAGEMENT
942 ## - ADDED ENTRY ELEMENTS (KOHA)
Suppress in OPAC 0
Holdings
Withdrawn status Lost status Source of classification or shelving scheme Damaged status Not for loan Home library Current library Shelving location Date acquired Total Checkouts Full call number Barcode Date last seen Copy number Price effective from Koha item type
    Dewey Decimal Classification     London London Journal article 19/07/2004   X126825 126825-1001 06/08/2019 1 06/08/2019 Journal article